| 000 | 00435nam a22001697a 4500 | ||
|---|---|---|---|
| 003 | MPLRDC | ||
| 005 | 20220104123606.0 | ||
| 008 | 210129b ||||| |||| 00| 0 eng d | ||
| 020 | _a957-755-266-8 | ||
| 082 | _a427.11 JMWW | ||
| 100 | _a将门文物出版有限公司编辑部 | ||
| 245 |
_a北平名菜 _c |
||
| 260 |
_a _b将门文物出版有限公司 _c |
||
| 300 | _b平 | ||
| 650 | _a中菜食谱 | ||
| 942 |
_cBK _o427.11 JMWW |
||
| 999 |
_c12642 _d12632 |
||